000 00581cam a22002053a 4500
001 46038
003 PGUSA
005 20140828084057.0
008 140621s2014||||xxu|||||s|||||000 | eng d
040 _aPGUSA
_beng
042 _adc
100 1 _aAston, W. G.
_q(William George)
245 1 0 _aShinto :
_bThe Way of the Gods
_h[electronic resource] /
_cW. G. Aston
260 _bProject Gutenberg,
_c2014
506 _aPublic domain in the USA.
516 _aElectronic text
830 0 _aProject Gutenberg
_v46038
856 4 0 _uhttp://www.gutenberg.org/ebooks/46038
942 _cEB
999 _c275287
_d275287